| 000 | 01325nam a22003737a 4500 | ||
|---|---|---|---|
| 003 | CHAP | ||
| 005 | 20220817044519.0 | ||
| 008 | 120404s2009 it r 00010 d | ||
| 010 | _a103012 | ||
| 011 | _a103984 | ||
| 020 | _a9789250064420 | ||
| 035 | _a114673 | ||
| 040 | _cCHAP | ||
| 082 | 0 | 4 |
_a639.2 _bF46t v.911 |
| 110 | 2 | _aFAO | |
| 245 | 1 | 0 |
_aInforme de la conferencia mundial sobre la pesca en pequeña escala <U+2013> garantizar la pesca en pequeña escala: pesca responsable y desarrollo social unidos. _c/por FAO |
| 260 |
_aRoma : _bFAO, _c2009 |
||
| 300 |
_axi, 189 p. : _btablas |
||
| 490 | 0 |
_aFAO. Informe de pesca y acuicultura _v; 911 |
|
| 500 | _aBangkok, Tailandia, 13-17 de octubre de 2008 | ||
| 500 | _aEdición trilingüe (inglés, francés, español) | ||
| 590 |
_aBATCH-UPD _b10 _c20130110 _lUCH01 _h1056 |
||
| 590 |
_aBATCH-UPD _b10 _c20130410 _lUCH01 _h0651 |
||
| 590 |
_aCONVERSION _b10 _c20130109 _lUCH01 _h1357 |
||
| 650 | 1 | 4 |
_aAcuicultura _xProduccion. _9777 |
| 650 | 1 | 4 |
_aCambio social. _917787 |
| 650 | 1 | 4 | _aDesarrollo sustentable. |
| 650 | 1 | 4 |
_aPesca artesanal. _987431 |
| 650 | 1 | 4 | _aPesca. |
| 830 | 1 | 0 |
_aFAO. Informe de pesca y acuicultura _v; 911 _939588 |
| 901 | _aBK | ||
| 942 | _cLIBRO | ||
| 949 |
_a639.2 F46t v.911 _bBC _cFAO _d33724002214330 _eFAO1 _gDonaciØn _h116158 _i114673 _sb |
||
| 999 |
_c103012 _d103012 |
||